header

Discourse markers in Early Modern English (Record no. 54845)

MARC details
000 -LEADER
fixed length control field 01563nam a2200373Ia 4500
082 04 - DEWEY DECIMAL CLASSIFICATION NUMBER
Classification number 420.1/41
100 1# - MAIN ENTRY--AUTHOR NAME
Personal name Lutzky, Ursula.
245 10 - TITLE STATEMENT
Title Discourse markers in Early Modern English
260 ## - PUBLICATION, DISTRIBUTION, ETC. (IMPRINT)
Place of publication Amsterdam ;
-- Philadelphia :
Name of publisher John Benjamins Pub. Co.,
Year of publication 2012.
300 ## - PHYSICAL DESCRIPTION
Number of Pages viii, 293 p.
490 0# - SERIES STATEMENT
Series statement Pragmatics & beyond new series ;
500 ## - GENERAL NOTE
General note Originally presented as author's doctoral thesis at University of Vienna, 2009 under the title "Discourse markers in Early Modern English".
650 #0 - SUBJECT ADDED ENTRY--TOPICAL TERM
Topical Term English language
Topical Term English language
Topical Term Discourse markers.
Topical Term Pragmatics.
Topical Term Speech acts (Linguistics)
856 40 - ELECTRONIC LOCATION AND ACCESS
Uniform Resource Identifier http://site.ebrary.com/lib/rucke/Doc?id=10617479

No items available.

© 2026 Rongo University
Contact us: librarian | system librarian | Rongo university